| 000 | 01407nam a22001577a 4500 | ||
|---|---|---|---|
| 041 | _aukr | ||
| 080 | _a09 | ||
| 090 | _bАБР | ||
| 100 | _aАбросімов О. О. | ||
| 245 | _aКонцепт війни у романі Е. Р. Берроуза "The Fighting Men of Mars" | ||
| 260 |
_aОстрог _bКАФ _c2003 |
||
| 300 | _a42 | ||
| 520 |
_aРозділ 1. Лінгвістичний аналіз художніх текстів.
1.1. Стилістичний аналіз художніх творів.
1.2. Аналіз текстових категорій.
1.3. Стилістичні особливості художніх текстів.
Розділ 2. Когнітивний аспект мови художніх текстів.
2.1. Національна картина світу.
2.2. Мовна і художня картина світу.
2.3. Концептуальна картина світу.
Розділ 3. Лексико-семантичне поле війни у романі Едгара Берроуза "The Fighting Men of Mars".
3.1. Семантичне групування лексики.
3.2. Польовий підхід до групування лексики у романі Е.Р.Берроуза "The Fighting Men of Mars". _0Художній текст, аналіз, когнітивний аспект. |
||
| 650 | _aResearch Papers | ||
| 999 |
_c281823 _d281823 |
||
| 942 | _cBK | ||